[Event "la-Grande 2014"]
[Site "Cappelle-la-Grande (FRA)"]
[Date "????.??.??"]
[Round "1.101"]
[White "Depoorter, Enguerran"]
[Black "Godart, Francois"]
[Result "0-1"]
[WhiteElo "2131"]
[BlackElo "2359"]
[PlyCount "82"]
[EventDate "2014.03.01"]
[EventType "team-tourn"]
[EventCountry "FRA"]

1. d4 Nf6 2. c4 e5 3. dxe5 Ng4 4. e4 Nxe5 5. Be3 Bb4+ 6. Nc3 Bxc3+ 7. bxc3 d6
8. c5 O-O 9. Nf3 Ng4 10. Bg5 Qe8 11. cxd6 Qxe4+ 12. Be2 cxd6 13. O-O Nc6 14.
Re1 Qg6 15. Bd3 Qh5 16. Bf4 Be6 17. h3 Nge5 18. Nxe5 Qxd1 19. Raxd1 dxe5 20.
Bxe5 Bxa2 21. Bf4 Rad8 22. Bb5 a6 23. Bxc6 bxc6 24. Ra1 Bc4 25. Ra5 Rd5 26.
Rea1 Re8 27. Be3 f6 28. Rxd5 cxd5 29. Ra5 Kf7 30. Rc5 Ke6 31. Kh2 Ra8 32. Ra5
Kf5 33. Bd4 Ke4 34. Kg3 Kd3 35. Kf3 Rb8 36. Ra1 Rb2 37. Rd1+ Rd2 38. Rb1 a5 39.
Rb7 a4 40. Ra7 Bb3 41. Bb6 Rd1 0-1

[Event "la-Grande 2014"]
[Site "Cappelle-la-Grande (FRA)"]
[Date "????.??.??"]
[Round "1.102"]
[White "Daulyte, Deimante"]
[Black "Costa, Paulo"]
[Result "1-0"]
[WhiteElo "2357"]
[BlackElo "2123"]
[PlyCount "43"]
[EventDate "2014.03.01"]
[EventType "team-tourn"]
[EventCountry "FRA"]

1. e4 c5 2. Nc3 Nc6 3. Bb5 Nd4 4. Nf3 g6 5. Bc4 Bg7 6. Nxd4 cxd4 7. Qf3 Nh6 8.
Ne2 O-O 9. d3 Ng4 10. Qg3 Ne5 11. Bb3 a5 12. a4 Qb6 13. f4 Nc6 14. O-O Qc7 15.
Qf2 d6 16. f5 Kh8 17. fxg6 Ne5 18. gxf7 e6 19. Qh4 Rxf7 20. Bh6 Ng6 21. Rxf7
Qxf7 22. Qd8+ 1-0

[Event "la-Grande 2014"]
[Site "Cappelle-la-Grande (FRA)"]
[Date "????.??.??"]
[Round "1.103"]
[White "Senders, Mischa"]
[Black "Kerigan, Demre"]
[Result "1/2-1/2"]
[WhiteElo "2110"]
[BlackElo "2356"]
[PlyCount "138"]
[EventDate "2014.03.01"]
[EventType "team-tourn"]
[EventCountry "FRA"]

1. e4 g6 2. d4 Bg7 3. c3 d6 4. f4 d5 5. e5 h5 6. Nf3 Nh6 7. Be3 c6 8. Be2 Qb6
9. Qc1 a5 10. O-O Na6 11. Na3 Bf5 12. Kh1 O-O 13. Nh4 Nc7 14. Nxf5 Nxf5 15. Bg1
Bh6 16. Bd3 e6 17. Nb1 Ne8 18. Nd2 Neg7 19. Rb1 Qd8 20. Qe1 b6 21. g3 g5 22.
Qe2 gxf4 23. gxf4 Qh4 24. Qf2 Qxf2 25. Rxf2 c5 26. Rf3 c4 27. Bc2 b5 28. Nf1 b4
29. Be3 bxc3 30. bxc3 Nxe3 31. Nxe3 Rab8 32. Rbf1 Rb2 33. R3f2 Kh8 34. Bd1 Rfb8
35. Kg1 Rxf2 36. Rxf2 Rb1 37. Kg2 Rc1 38. Bc2 Re1 39. Kf3 Rc1 40. Rf1 Rxf1+ 41.
Nxf1 Kg8 42. Ne3 Kf8 43. f5 h4 44. fxe6 fxe6 45. Bg6 Ne8 46. Nd1 Nc7 47. a4 Kg7
48. Bc2 Bd2 49. Kg4 Be1 50. Kf3 Bd2 51. Kg4 Be1 52. Kf3 h3 53. Kg4 Na6 54. Kxh3
Nb4 55. Bb1 Nd3 56. Bxd3 cxd3 57. Kg4 Kg6 58. Kf3 Bd2 59. Kg4 Kh6 60. h3 Kg6
61. h4 Kh6 62. h5 Be3 63. Kf3 Bd2 64. Kg4 Be1 65. Kf3 Bd2 66. Nf2 Bxc3 67. Nxd3
Bxd4 68. Nf4 Bxe5 69. Nxe6 Kxh5 1/2-1/2

[Event "la-Grande 2014"]
[Site "Cappelle-la-Grande (FRA)"]
[Date "????.??.??"]
[Round "1.104"]
[White "Clery, Nicolas"]
[Black "Courrier, Arnaud"]
[Result "1-0"]
[WhiteElo "2355"]
[BlackElo "2106"]
[PlyCount "69"]
[EventDate "2014.03.01"]
[EventType "team-tourn"]
[EventCountry "FRA"]

1. d4 f5 2. g3 Nf6 3. Bg2 g6 4. c4 Bg7 5. Nc3 O-O 6. Nf3 d6 7. O-O Nc6 8. d5
Na5 9. Qa4 c5 10. dxc6 Nxc6 11. Rd1 Qa5 12. Qb3 Kh8 13. Bd2 Qd8 14. Nd5 Ne4 15.
Be1 b6 16. Nc3 Nc5 17. Qc2 Bb7 18. Rac1 Ne6 19. e3 Qe8 20. Nd5 Rc8 21. Bc3 Qf7
22. b4 Ne5 23. Nxe5 dxe5 24. Qb2 e4 25. h4 Kg8 26. Bxg7 Nxg7 27. Qe5 e6 28. Nf4
Rc7 29. c5 Rfc8 30. Bf1 bxc5 31. bxc5 Re8 32. Rd6 Nh5 33. Nxh5 gxh5 34. Bb5
Rec8 35. Rxe6 1-0

[Event "la-Grande 2014"]
[Site "Cappelle-la-Grande (FRA)"]
[Date "????.??.??"]
[Round "1.105"]
[White "Schmit, Vincent"]
[Black "Martynov, Pavel"]
[Result "0-1"]
[WhiteElo "2106"]
[BlackElo "2352"]
[PlyCount "56"]
[EventDate "2014.03.01"]
[EventType "team-tourn"]
[EventCountry "FRA"]

1. e4 e6 2. d4 d5 3. exd5 exd5 4. Bd3 Bd6 5. Qf3 Nf6 6. h3 h6 7. Ne2 O-O 8. Bf4
Bxf4 9. Qxf4 c6 10. Nd2 Qb6 11. O-O-O Na6 12. c3 c5 13. g4 cxd4 14. Nxd4 Nc5
15. N2b3 Nxd3+ 16. Rxd3 a5 17. Nd2 a4 18. g5 Nh5 19. Qf3 a3 20. b3 Qg6 21. gxh6
Qxh6 22. Re3 Nf4 23. Nf1 Ra6 24. Kb1 Rf6 25. Rh2 Qg6+ 26. Ka1 Ne6 27. Qg2 Nxd4
28. Qxg6 fxg6 0-1

[Event "la-Grande 2014"]
[Site "Cappelle-la-Grande (FRA)"]
[Date "????.??.??"]
[Round "1.106"]
[White "Solomon, Kenny"]
[Black "Dutreuil, Raphael"]
[Result "1-0"]
[WhiteElo "2350"]
[BlackElo "2104"]
[PlyCount "139"]
[EventDate "2014.03.01"]
[EventType "team-tourn"]
[EventCountry "FRA"]

1. d4 Nf6 2. c4 g6 3. g3 Bg7 4. Bg2 d6 5. Nf3 O-O 6. Nc3 Nbd7 7. O-O e5 8. e4
c6 9. d5 Nc5 10. Ne1 cxd5 11. cxd5 a5 12. f3 b6 13. Be3 Ba6 14. Rf2 Qd7 15. Rb1
Rac8 16. Rc2 a4 17. b4 axb3 18. axb3 b5 19. Na2 Bb7 20. Nb4 Nh5 21. Nbd3 Nxd3
22. Qxd3 Rxc2 23. Qxc2 Rc8 24. Qd3 Bf6 25. Bf1 Bd8 26. Qxb5 Qxb5 27. Bxb5 Rc3
28. Nd3 f5 29. Ba7 Nf6 30. exf5 gxf5 31. Nb4 Rxf3 32. Nc6 Bc7 33. Bc4 Bxc6 34.
dxc6+ d5 35. Bb5 Ne4 36. Ba6 Nd2 37. Rd1 Rxb3 38. Rxd2 Ra3 39. Bc8 Rxa7 40.
Rxd5 f4 41. gxf4 exf4 42. Rf5 Ra1+ 43. Kf2 Kg7 44. Be6 Kg6 45. h4 Rc1 46. h5+
Kh6 47. Bd5 Rc3 48. Bf3 Rc2+ 49. Ke1 Rc3 50. Ke2 Re3+ 51. Kf2 Re7 52. Rb5 Bd6
53. Bg4 Ra7 54. Be6 Bc7 55. Rf5 Ra1 56. Bd5 Bb6+ 57. Kf3 Rf1+ 58. Kg4 Rg1+ 59.
Kxf4 Bc7+ 60. Ke4 Re1+ 61. Kd4 Rc1 62. Bf3 Bb6+ 63. Kd3 Bc7 64. Rf7 Bh2 65. Be4
Rd1+ 66. Ke2 Rd8 67. Rxh7+ Kg5 68. Rg7+ Kf6 69. h6 Bf4 70. Kf3 1-0

[Event "la-Grande 2014"]
[Site "Cappelle-la-Grande (FRA)"]
[Date "????.??.??"]
[Round "1.107"]
[White "Aveline, Philippe"]
[Black "Piceu, Tom"]
[Result "0-1"]
[WhiteElo "2100"]
[BlackElo "2347"]
[PlyCount "68"]
[EventDate "2014.03.01"]
[EventType "team-tourn"]
[EventCountry "FRA"]

1. e4 c5 2. c3 e6 3. d4 d5 4. e5 Nc6 5. Nf3 Qb6 6. Be2 cxd4 7. cxd4 Nh6 8. b3
Bb4+ 9. Kf1 Nf5 10. Bb2 f6 11. g4 Nh6 12. exf6 gxf6 13. g5 e5 14. h4 Ng4 15.
gxf6 Nxf6 16. dxe5 Ne4 17. Nd4 O-O 18. Bf3 Nxe5 19. Bxe4 dxe4 20. Qh5 Qf6 21.
Qg5+ Qxg5 22. hxg5 Nd3 23. Ba3 Rxf2+ 24. Kg1 Be1 25. Bd6 Rb2 26. Nb5 Bg4 27.
N1c3 Bf2+ 28. Kf1 Bf3 29. Rh6 Be3 30. Rh2 Rxh2 31. Bxh2 Rf8 32. Nd5 Bxg5 33.
Nd4 Bg4+ 34. Kg1 Rd8 0-1

[Event "Cappelle-la-Grande 2014"]
[Site "Cappelle-la-Grande (FRA)"]
[Date "????.??.??"]
[Round "2.15"]
[White "Piorun, Kacper"]
[Black "Mateo, Ramon"]
[Result "1-0"]
[WhiteElo "2570"]
[BlackElo "2413"]
[PlyCount "83"]

1. e4 c5 2. Nc3 d6 3. Nge2 Nf6 4. d4 cxd4 5. Nxd4 a6 6. f4 Qc7 7. Qe2 e5 8. Nf5
Be6 9. Ne3 exf4 10. Ned5 Bxd5 11. exd5+ Be7 12. Bxf4 Nbd7 13. O-O-O Ne5 14. g4
Nfd7 15. Kb1 O-O 16. Ne4 Rac8 17. g5 Rfe8 18. Bh3 Ng6 19. Bg3 Bf8 20. Qg2 Rcd8
21. Bf5 Nge5 22. h4 Nc4 23. Bf2 Kh8 24. Bd4 Nc5 25. h5 Nxe4 26. h6 Ncd2+ 27.
Rxd2 Nxd2+ 28. Qxd2 Re5 29. Bxe5 dxe5 30. hxg7+ Bxg7 31. Rxh7+ Kg8 32. Qh2 Qd6
33. Be4 b5 34. a3 a5 35. Rh3 b4 36. a4 Qd7 37. Rf3 Qg4 38. Qh7+ Kf8 39. g6 Rd7
40. Qh1 b3 41. Rxb3 f5 42. Bxf5 1-0

[Event "Cappelle-la-Grande 2014"]
[Site "Cappelle-la-Grande (FRA)"]
[Date "????.??.??"]
[Round "2.16"]
[White "Skytte, Rasmus"]
[Black "Burmakin, Vladimir"]
[Result "1/2-1/2"]
[WhiteElo "2418"]
[BlackElo "2568"]
[PlyCount "55"]

1. d4 d5 2. c4 c6 3. Nc3 Nf6 4. Nf3 a6 5. a4 e6 6. g3 a5 7. Bg2 Nbd7 8. O-O Bb4
9. Qc2 O-O 10. Rd1 h6 11. Bf4 Re8 12. Ne5 Nxe5 13. dxe5 Nd7 14. cxd5 exd5 15.
e4 d4 16. Rxd4 Qe7 17. Nd1 Nxe5 18. Ne3 Ng6 19. Rad1 Nxf4 20. gxf4 Bc5 21. Rc4
Bxe3 22. fxe3 Bg4 23. Rdd4 Rad8 24. Qd2 Be6 25. Rxd8 Rxd8 26. Rd4 Rxd4 27. exd4
Qd8 28. b4 1/2-1/2

[Event "Cappelle-la-Grande 2014"]
[Site "Cappelle-la-Grande (FRA)"]
[Date "????.??.??"]
[Round "2.13"]
[White "Bykhovsky, Avigdor"]
[Black "Bachmann, Axel"]
[Result "1/2-1/2"]
[WhiteElo "2421"]
[BlackElo "2575"]
[PlyCount "87"]

1. d4 Nf6 2. c4 e6 3. Nf3 Bb4+ 4. Bd2 a5 5. g3 d6 6. Bg2 Nbd7 7. O-O e5 8. e3
c6 9. Bc1 e4 10. Ng5 d5 11. c5 h6 12. Nh3 a4 13. a3 Ba5 14. Qxa4 Nf8 15. b4
Bxh3 16. Bxh3 Bc7 17. Qd1 h5 18. Nc3 h4 19. Kg2 N8h7 20. Bg4 Ng5 21. Bb2 g6 22.
Rh1 Qe7 23. Be2 Qe6 24. h3 hxg3 25. h4 Nf3 26. Bxf3 exf3+ 27. Qxf3 gxf2 28.
Kxf2 O-O-O 29. Ke2 Ng4 30. Kd3 Rh5 31. Rag1 f5 32. Bc1 Rdh8 33. Kc2 Rxh4 34.
Rxh4 Rxh4 35. Kb3 Rh2 36. Rh1 Rxh1 37. Qxh1 Nxe3 38. Qh8+ Bd8 39. Na4 f4 40.
Nb6+ Kc7 41. Qg7+ Be7 42. Qh8 Bd8 43. Qg7+ Be7 44. Qh8 1/2-1/2

[Event "Cappelle-la-Grande 2014"]
[Site "Cappelle-la-Grande (FRA)"]
[Date "????.??.??"]
[Round "2.17"]
[White "Kanmazalp, Ogulcan"]
[Black "Petkov, Vladimir"]
[Result "1/2-1/2"]
[WhiteElo "2416"]
[BlackElo "2566"]
[PlyCount "81"]

1. e4 e5 2. Nf3 Nc6 3. Bb5 Nf6 4. O-O Nxe4 5. Re1 Nd6 6. Nxe5 Be7 7. Bf1 Nf5 8.
Nf3 O-O 9. d4 d5 10. c3 Bd6 11. Bd3 g6 12. Nbd2 Nce7 13. Nf1 c6 14. Ne3 Nxe3
15. Bxe3 Bf5 16. Bh6 Re8 17. Bg5 Bxd3 18. Qxd3 Qd7 19. Bf6 Qf5 20. Qxf5 Nxf5
21. Rxe8+ Rxe8 22. Re1 Rxe1+ 23. Nxe1 h5 24. Nd3 Kf8 25. h3 h4 26. Kf1 Ke8 27.
Ne1 Be7 28. Bxe7 Kxe7 29. Ke2 Nd6 30. Nf3 Nf5 31. Ne5 Ke6 32. Nd3 Nd6 33. Kf3
f5 34. g3 hxg3 35. fxg3 Kf6 36. h4 Nc4 37. Kf4 Nd6 38. Nc5 Nc4 39. Nd3 Nd6 40.
Nc5 Nc4 41. Nd3 1/2-1/2

[Event "Cappelle-la-Grande 2014"]
[Site "Cappelle-la-Grande (FRA)"]
[Date "????.??.??"]
[Round "2.18"]
[White "Berzinsh, Roland"]
[Black "Spraggett, Kevin"]
[Result "1/2-1/2"]
[WhiteElo "2408"]
[BlackElo "2557"]
[PlyCount "46"]

1. e4 c5 2. Nf3 e6 3. d4 cxd4 4. Nxd4 a6 5. c4 Nf6 6. Nc3 Bb4 7. Bd2 Qc7 8. a3
Be7 9. Be3 d6 10. Be2 O-O 11. O-O b6 12. Rc1 Bb7 13. f3 Nbd7 14. Qd2 Rac8 15.
Rfd1 Qb8 16. b4 Rfe8 17. Bf1 Bf8 18. Kh1 h6 19. Bg1 Red8 20. Qf2 Ba8 21. Nb3
Qc7 22. Qc2 Re8 23. Qf2 Red8 1/2-1/2

[Event "Cappelle-la-Grande 2014"]
[Site "Cappelle-la-Grande (FRA)"]
[Date "????.??.??"]
[Round "2.14"]
[White "Gurevich, Mikhail"]
[Black "Kohlweyer, Bernd"]
[Result "1/2-1/2"]
[WhiteElo "2574"]
[BlackElo "2416"]
[PlyCount "242"]

1. d4 Nf6 2. c4 e6 3. Nc3 Bb4 4. e3 O-O 5. Nge2 Re8 6. a3 Bf8 7. d5 a5 8. Ng3
Na6 9. Be2 exd5 10. cxd5 Nc5 11. O-O c6 12. Bf3 a4 13. Rb1 cxd5 14. Nxd5 d6 15.
Bd2 Nxd5 16. Bxd5 g6 17. Bc3 Bg7 18. Bxg7 Kxg7 19. Qd4+ Qf6 20. Rfd1 Ra6 21.
Qb4 Be6 22. Ne4 Nxe4 23. Bxe4 Bb3 24. Rd4 d5 25. Bxd5 Rb6 26. Qd2 Bxd5 27. Rxd5
Re5 28. Rd4 Reb5 29. h4 h5 30. Rf4 Rxb2 31. Rxb2 Qxb2 32. Qxb2+ Rxb2 33. Rxa4
Ra2 34. g3 b5 35. Ra5 Rb2 36. Kg2 b4 37. axb4 Rxb4 38. Ra6 Rb2 39. Kf3 Rc2 40.
Rd6 Ra2 41. e4 Rb2 42. Ke3 Ra2 43. f3 Rb2 44. Kf4 Rf2 45. Rd7 Rf1 46. g4 hxg4
47. Kxg4 Rg1+ 48. Kh3 Re1 49. Kg2 Re2+ 50. Kg3 Re1 51. Rd5 Kf6 52. h5 gxh5 53.
Rxh5 Re3 54. Kf4 Ra3 55. Rh6+ Ke7 56. Rb6 Rc3 57. Kg4 Re3 58. Ra6 Kd7 59. Kf4
Rb3 60. e5 Ke7 61. Ke4 Rb1 62. Kf5 Rf1 63. Ra3 Rf2 64. f4 Rf1 65. Ra2 Rf3 66.
Ke4 Rb3 67. Ra7+ Ke8 68. f5 Rb4+ 69. Ke3 Rh4 70. f6 Rb4 71. Re7+ Kf8 72. Rd7
Ke8 73. Rd4 Rb1 74. Ke4 Re1+ 75. Kf5 Rf1+ 76. Kg5 Rg1+ 77. Rg4 Rh1 78. Rb4 Rg1+
79. Kf5 Rf1+ 80. Ke4 Re1+ 81. Kd5 Rd1+ 82. Kc6 Rc1+ 83. Kd5 Rd1+ 84. Kc5 Rc1+
85. Rc4 Rd1 86. Kc6 Rd2 87. Rc1 Re2 88. Rc5 Rd2 89. Kc7 Rd1 90. Rc2 Rd3 91. Rb2
Rc3+ 92. Kd6 Rd3+ 93. Kc6 Rc3+ 94. Kd5 Rc1 95. Rb8+ Kd7 96. Rb7+ Ke8 97. Re7+
Kf8 98. Kd6 Rd1+ 99. Kc7 Rc1+ 100. Kd8 Rd1+ 101. Rd7 Rc1 102. Rd5 Rc2 103. Kd7
Rc1 104. Rb5 Rd1+ 105. Kc7 Rc1+ 106. Kd6 Rd1+ 107. Rd5 Ra1 108. Kc7 Rc1+ 109.
Kd7 Ra1 110. Rd2 Rb1 111. Rd3 Ra1 112. Rd4 Rb1 113. Rd5 Ra1 114. Rd6 Rb1 115.
Ra6 Rd1+ 116. Kc7 Rc1+ 117. Rc6 Rd1 118. Ra6 Rc1+ 119. Kd7 Rd1+ 120. Rd6 Ra1
121. Rd3 Rb1 1/2-1/2

[Event "Cappelle-la-Grande 2014"]
[Site "Cappelle-la-Grande (FRA)"]
[Date "????.??.??"]
[Round "2.19"]
[White "Kukov, Velislav"]
[Black "Popovic, Dusan"]
[Result "1-0"]
[WhiteElo "2399"]
[BlackElo "2553"]
[PlyCount "69"]

1. d4 d6 2. Nf3 Nf6 3. Bf4 g6 4. e3 Bg7 5. h3 O-O 6. Be2 Nfd7 7. Bh2 e5 8. b4
Nc6 9. b5 Ne7 10. O-O Nf5 11. c3 Re8 12. a4 b6 13. a5 Rb8 14. Na3 Bb7 15. Nc2
exd4 16. cxd4 Nf6 17. Nb4 Nd5 18. Nxd5 Bxd5 19. Qc2 Qe7 20. Bf4 Rbc8 21. Bd3 c6
22. axb6 axb6 23. bxc6 Rxc6 24. Qb1 Rc3 25. Bxf5 Rb3 26. Qc2 gxf5 27. Qxf5 Be4
28. Qg4 Bg6 29. Nh4 b5 30. Nf5 Bxf5 31. Qxf5 b4 32. Qd5 Rb2 33. Rab1 Rxb1 34.
Rxb1 Rb8 35. Qxd6 1-0

[Event "Cappelle-la-Grande 2014"]
[Site "Cappelle-la-Grande (FRA)"]
[Date "????.??.??"]
[Round "2.20"]
[White "Malakhatko, Vadim"]
[Black "Vassallo Barroche, Mauricio"]
[Result "1/2-1/2"]
[WhiteElo "2547"]
[BlackElo "2398"]
[PlyCount "103"]

1. d4 Nf6 2. c4 e6 3. Nf3 d5 4. Nc3 c5 5. cxd5 Nxd5 6. g3 cxd4 7. Nxd5 Qxd5 8.
Qxd4 Qb5 9. e4 Qb4+ 10. Qxb4 Bxb4+ 11. Bd2 Bxd2+ 12. Kxd2 Nc6 13. Bb5 Bd7 14.
Ke3 Ke7 15. Rac1 Rac8 16. Rhd1 f6 17. Bxc6 Rxc6 18. Rxc6 Bxc6 19. Nd4 Bd7 20.
Rc1 Rc8 21. Rxc8 Bxc8 22. e5 Bd7 23. f4 fxe5 24. fxe5 Be8 25. h4 Bd7 26. Ne2
Bc6 27. Nf4 Bb5 28. Kd4 b6 29. b3 Bf1 30. g4 h6 31. g5 hxg5 32. hxg5 Bb5 33.
Kc3 Bf1 34. a4 Ba6 35. b4 Bb7 36. Kc4 Ba6+ 37. Kd4 Bb7 38. Ke3 Bc6 39. a5 Bb5
40. axb6 axb6 41. Nh5 Be8 42. Ng3 Bb5 43. Ne4 Bc6 44. Nd6 Kd7 45. Kd4 Bf3 46.
Nb5 Be2 47. Nc3 Bf1 48. Ne4 Bg2 49. Nf2 Bf1 50. Nd1 Be2 51. Nf2 Bf1 52. Ne4
1/2-1/2

[Event "Cappelle-la-Grande 2014"]
[Site "Cappelle-la-Grande (FRA)"]
[Date "????.??.??"]
[Round "2.21"]
[White "Leenhouts, Koen"]
[Black "Maze, Sebastien"]
[Result "1/2-1/2"]
[WhiteElo "2391"]
[BlackElo "2545"]
[PlyCount "90"]

1. d4 Nf6 2. c4 g6 3. f3 Bg7 4. e4 d6 5. Nc3 O-O 6. Be3 c5 7. Nge2 Nc6 8. d5
Ne5 9. Ng3 e6 10. Be2 exd5 11. cxd5 a6 12. a4 Bd7 13. O-O b5 14. h3 Rb8 15.
axb5 Bxb5 16. Nxb5 axb5 17. b3 Ne8 18. Qd2 Nd7 19. Ra7 Nc7 20. Qa5 Na8 21. Bxb5
Qxa5 22. Rxa5 Bc3 23. Rxa8 Rxb5 24. Ra7 Nb6 25. Ne2 Be5 26. Nc1 Rc8 27. f4 Bd4
28. Bxd4 cxd4 29. Rb7 Rb4 30. Ra7 Re8 31. e5 Nxd5 32. exd6 Ne3 33. d7 Rd8 34.
Re1 Kf8 35. Rc7 f6 36. Nd3 Rb6 37. Nc5 Ke7 38. Ra1 Rd6 39. Rc8 R6xd7 40. Rxd8
Rxd8 41. Ra7+ Ke8 42. Rxh7 Rd6 43. Rh8+ Ke7 44. Rh7+ Ke8 45. Rh8+ Ke7 1/2-1/2

[Event "Cappelle-la-Grande 2014"]
[Site "Cappelle-la-Grande (FRA)"]
[Date "????.??.??"]
[Round "2.22"]
[White "Heberla, Bartlomiej"]
[Black "Loiseau, Quentin"]
[Result "1/2-1/2"]
[WhiteElo "2544"]
[BlackElo "2388"]
[PlyCount "68"]

1. c4 c6 2. e4 d5 3. cxd5 cxd5 4. exd5 Nf6 5. Nc3 Nxd5 6. Nf3 Nc6 7. Bb5 e6 8.
O-O Be7 9. d4 O-O 10. Re1 Qd6 11. Bg5 Bxg5 12. Nxg5 Nf6 13. Bxc6 Qxc6 14. Rc1
Qb6 15. Qd3 h6 16. Nge4 Nxe4 17. Nxe4 Bd7 18. Re3 Qd8 19. Rf3 Qh4 20. Qe3 Bc6
21. Rf4 Qh5 22. Qg3 Bxe4 23. Rxe4 Rac8 24. Rce1 Qa5 25. a3 Rfd8 26. b4 Qc7 27.
Qxc7 Rxc7 28. g3 Rc3 29. R1e3 Rc4 30. Rd3 Kf8 31. Kg2 Ke7 32. Kf3 f5 33. Re5
Rdxd4 34. Rde3 Rd6 1/2-1/2

[Event "Cappelle-la-Grande 2014"]
[Site "Cappelle-la-Grande (FRA)"]
[Date "????.??.??"]
[Round "2.23"]
[White "Berg, Klaus"]
[Black "Rusev, Krasimir"]
[Result "1/2-1/2"]
[WhiteElo "2389"]
[BlackElo "2541"]
[PlyCount "44"]

1. d4 Nf6 2. Nf3 e6 3. e3 c5 4. c4 cxd4 5. exd4 d5 6. Nc3 Be7 7. cxd5 Nxd5 8.
Bd3 Nc6 9. O-O O-O 10. Re1 Bf6 11. Be4 Nce7 12. Ne5 Nf5 13. a3 Nde7 14. Be3 Ng6
15. Bxf5 exf5 16. Nxg6 hxg6 17. d5 Re8 18. Qd3 Bxc3 19. Qxc3 Bd7 20. Rad1 Rc8
21. Qb4 b6 22. f3 Rc2 1/2-1/2

[Event "Cappelle-la-Grande 2014"]
[Site "Cappelle-la-Grande (FRA)"]
[Date "????.??.??"]
[Round "2.24"]
[White "Rambaldi, Francesco"]
[Black "Kveinys, Aloyzas"]
[Result "1/2-1/2"]
[WhiteElo "2388"]
[BlackElo "2530"]
[PlyCount "81"]

1. e4 c5 2. Nf3 e6 3. d4 cxd4 4. Nxd4 a6 5. c4 Nf6 6. Nc3 Qc7 7. a3 b6 8. Be3
Bb7 9. f3 Be7 10. Be2 d6 11. O-O Nbd7 12. Qd2 O-O 13. Rac1 Rac8 14. Rfd1 Qb8
15. b4 Rfe8 16. Nb3 Bd8 17. Bf4 Ne5 18. Bxe5 dxe5 19. c5 h6 20. Bf1 bxc5 21.
Nxc5 Bb6 22. N3a4 Ba7 23. Kh1 Red8 24. Qb2 Rxd1 25. Rxd1 a5 26. bxa5 Bc6 27.
Nb6 Rd8 28. Rc1 Qd6 29. Nd3 Nd7 30. Qb4 Qc7 31. Nxd7 Rxd7 32. Qc4 Be3 33. Rc3
Qb8 34. Rb3 Rb7 35. Rxb7 Bxb7 36. Qb5 Qc7 37. a6 Bc8 38. Nxe5 Bxa6 39. Qxa6
Qxe5 40. Bd3 Bc5 41. a4 1/2-1/2

[Event "Cappelle-la-Grande 2014"]
[Site "Cappelle-la-Grande (FRA)"]
[Date "????.??.??"]
[Round "2.25"]
[White "Jovanic, Ognjen"]
[Black "Bujisho, Benjamin"]
[Result "1-0"]
[WhiteElo "2526"]
[BlackElo "2376"]
[PlyCount "141"]

1. d4 Nf6 2. Nf3 g6 3. c4 Bg7 4. Nc3 O-O 5. Bg5 d6 6. e3 c6 7. Qc2 a6 8. Be2 b5
9. O-O Nbd7 10. Rad1 bxc4 11. Bxc4 Bb7 12. e4 d5 13. Bb3 h6 14. Bh4 g5 15. Bg3
dxe4 16. Nxe4 Nxe4 17. Qxe4 Nf6 18. Qc2 Nd5 19. Rfe1 e6 20. Ne5 Rc8 21. Nc4 c5
22. Nd6 cxd4 23. Nxc8 Nf4 24. Bxf4 gxf4 25. Na7 Qb6 26. Rc1 Qxa7 27. Qc7 Qb8
28. f3 Rd8 29. Red1 Be5 30. Qxb8 Bxb8 31. Kf1 e5 32. Bc2 Kg7 33. Ke2 Bd5 34. b3
Bd6 35. Bf5 Bb7 36. Be4 Bc8 37. Rc6 Bd7 38. Rb6 a5 39. Bd3 Bb4 40. Rb7 Be6 41.
Bc4 Kf6 42. Rb6 Rd6 43. Rxd6 Bxd6 44. Rc1 Bd7 45. g3 fxg3 46. hxg3 h5 47. Bd5
Kg7 48. Bc6 Ba3 49. Rc2 Be6 50. Bb5 f5 51. Bd3 Kf6 52. Rc6 Ke7 53. Ra6 Bb4 54.
Ra7+ Kd6 55. Rh7 Bc3 56. Rh6 Ke7 57. Rxh5 Kf6 58. Rh6+ Ke7 59. Rh8 Bb4 60. Rb8
Kf6 61. Rb5 Bc3 62. a3 e4 63. fxe4 fxe4 64. Bxe4 a4 65. bxa4 Bc4+ 66. Kf3 Bxb5
67. axb5 Ba5 68. Bd3 Ke5 69. Kg4 Be1 70. a4 Kd5 71. Kf4 1-0

[Event "Cappelle-la-Grande 2014"]
[Site "Cappelle-la-Grande (FRA)"]
[Date "????.??.??"]
[Round "2.26"]
[White "Shirazi, Kamran"]
[Black "Maiorov, Nikita"]
[Result "0-1"]
[WhiteElo "2375"]
[BlackElo "2520"]
[PlyCount "58"]

1. d4 Nf6 2. c4 e6 3. Nc3 Bb4 4. e3 O-O 5. Nge2 d5 6. a3 Be7 7. Nf4 c6 8. Nh5
Nbd7 9. g4 dxc4 10. Bxc4 c5 11. Nxf6+ Bxf6 12. Ba2 b5 13. Nxb5 Qb6 14. g5 Qxb5
15. gxf6 Nxf6 16. dxc5 Bb7 17. f3 Qxc5 18. O-O Rfd8 19. Qe2 Rac8 20. b4 Qg5+
21. Qg2 Qxg2+ 22. Kxg2 Rc2+ 23. Rf2 Rdc8 24. Rxc2 Rxc2+ 25. Kh3 Bxf3 26. Bb1
Rg2 27. Ra2 Rg1 28. Rc2 g5 29. Bb2 Bg4# 0-1

[Event "Cappelle-la-Grande 2014"]
[Site "Cappelle-la-Grande (FRA)"]
[Date "????.??.??"]
[Round "2.27"]
[White "Papin, Vasily"]
[Black "Pogorelov, Ruslan"]
[Result "1-0"]
[WhiteElo "2515"]
[BlackElo "2364"]
[PlyCount "51"]

1. d4 Nf6 2. Nf3 e6 3. c4 b6 4. Nc3 Bb4 5. Qc2 Bb7 6. a3 Bxc3+ 7. Qxc3 Ne4 8.
Qc2 O-O 9. e3 f5 10. Be2 d6 11. O-O Nd7 12. b4 a5 13. Bb2 Qe7 14. Rad1 axb4 15.
axb4 c5 16. Qb3 Ra7 17. d5 exd5 18. cxd5 Kh8 19. Bc4 Rfa8 20. Ne1 Ra4 21. Nc2
cxb4 22. Nd4 Ndc5 23. Qc2 b3 24. Bxb3 Nxb3 25. Nxf5 Qf7 26. Bxg7+ 1-0

[Event "Cappelle-la-Grande 2014"]
[Site "Cappelle-la-Grande (FRA)"]
[Date "????.??.??"]
[Round "2.28"]
[White "Lagarde, Maxime"]
[Black "Daulyte, Deimante"]
[Result "1-0"]
[WhiteElo "2514"]
[BlackElo "2357"]
[PlyCount "95"]

1. c4 Nf6 2. Nc3 e5 3. Nf3 Nc6 4. e3 Bb4 5. Qc2 Bxc3 6. Qxc3 Qe7 7. a3 d5 8. d4
exd4 9. Nxd4 Nxd4 10. Qxd4 c5 11. Qh4 O-O 12. cxd5 Nxd5 13. Qxe7 Nxe7 14. Bd2
Be6 15. Rc1 Rac8 16. Be2 Rfd8 17. g4 b6 18. Bc3 f6 19. Rg1 Nd5 20. Bd2 Ne7 21.
f4 Rd6 22. g5 f5 23. Bc3 Nc6 24. Kf2 Bb3 25. h4 Re8 26. Bd1 Bxd1 27. Rgxd1 Red8
28. Rxd6 Rxd6 29. b4 Rd5 30. e4 fxe4 31. Ke3 Nd4 32. Kxe4 Rd7 33. bxc5 Nb3 34.
Re1 Nxc5+ 35. Kf5 Kf7 36. h5 g6+ 37. Kg4 Rd3 38. Bf6 Ne6 39. hxg6+ hxg6 40. Rh1
Nf8 41. a4 Ra3 42. Re1 Ne6 43. Re4 Nc5 44. Re7+ Kf8 45. f5 Rxa4+ 46. Kf3 Ra3+
47. Ke2 Ra4 48. Rh7 1-0

[Event "Cappelle-la-Grande 2014"]
[Site "Cappelle-la-Grande (FRA)"]
[Date "????.??.??"]
[Round "2.29"]
[White "Godart, Francois"]
[Black "Kurajica, Bojan"]
[Result "1-0"]
[WhiteElo "2359"]
[BlackElo "2505"]
[PlyCount "41"]

1. d4 Nf6 2. Bg5 e6 3. Nc3 h6 4. Bxf6 Qxf6 5. e4 d6 6. Qd2 a6 7. O-O-O b5 8. a3
Bb7 9. f4 Qd8 10. Bd3 Nd7 11. Nf3 Nb6 12. Qe2 Qd7 13. d5 O-O-O 14. Nd4 e5 15.
Nb3 c5 16. dxc6 Qxc6 17. Na5 Qc5 18. fxe5 Be7 19. a4 Qb4 20. Nb3 Nxa4 21. Na2
1-0

[Event "Cappelle-la-Grande 2014"]
[Site "Cappelle-la-Grande (FRA)"]
[Date "????.??.??"]
[Round "2.30"]
[White "Chernyshov, Konstantin"]
[Black "Clery, Nicolas"]
[Result "1/2-1/2"]
[WhiteElo "2504"]
[BlackElo "2355"]
[PlyCount "48"]

1. e4 e5 2. Nf3 Nc6 3. Bb5 Nf6 4. d3 Bc5 5. Bxc6 dxc6 6. Be3 Bd6 7. Nbd2 Ng4 8.
Nc4 Nxe3 9. Nxe3 c5 10. Nd2 Be6 11. Ndc4 g6 12. Qf3 h5 13. h4 Bf8 14. Qg3 Bg7
15. a4 Qf6 16. O-O Qf4 17. Qh2 O-O-O 18. b3 f5 19. g3 Qh6 20. exf5 gxf5 21.
Rae1 e4 22. dxe4 fxe4 23. Ng2 Qh7 24. Nce3 Be5 1/2-1/2

[Event "Cappelle-la-Grande 2014"]
[Site "Cappelle-la-Grande (FRA)"]
[Date "????.??.??"]
[Round "2.31"]
[White "Martynov, Pavel"]
[Black "Wan, Yunguo"]
[Result "1-0"]
[WhiteElo "2352"]
[BlackElo "2504"]
[PlyCount "93"]

1. Nf3 Nf6 2. c4 g6 3. Nc3 Bg7 4. e4 d6 5. d4 O-O 6. Be2 e5 7. O-O Nc6 8. d5
Ne7 9. b4 a5 10. Ba3 Nd7 11. bxa5 Rxa5 12. Bb4 Ra6 13. a4 Bh6 14. a5 f5 15. Bd3
Nf6 16. c5 fxe4 17. cxd6 cxd6 18. Nxe4 Nxe4 19. Bxe4 Bf5 20. Re1 Qd7 21. Qd3
Rfa8 22. Rab1 Bxe4 23. Qxe4 b6 24. axb6 Rxb6 25. Bd2 Rxb1 26. Rxb1 Bxd2 27.
Nxd2 Ra4 28. Qf3 Qf5 29. Qb3 Rd4 30. Nf1 Qf8 31. h3 Rf4 32. Qa3 Rf6 33. Ng3 Nf5
34. Ne4 Rf7 35. Ng5 Re7 36. Ne6 Qe8 37. Rb6 Qc8 38. Rc6 Qb7 39. Qc1 Re8 40. Kh2
Qa7 41. Rc8 Qd7 42. Rc7 Qb5 43. g4 Qb6 44. Kg2 Rxe6 45. dxe6 Nd4 46. e7 Kf7 47.
Qc4+ 1-0